Masalah Yang Berbangkit Masa Pegawai Sangkut Di Hantar ke Cawangan

Bibliographic Details
Main Author: Marbeck, A.B
Format: Book
Published: Kuala LumpurKementerian Kewangan Malaysia , 1980
Subjects:

MARC

LEADER 00000cam a2200000 7i4500
001 0000016066
005 20060124.0
040 |a INS 
090 0 0 |a KK38 
100 1 |a Marbeck, A.B. 
245 1 0 |a Masalah Yang Berbangkit Masa Pegawai Sangkut Di Hantar ke Cawangan   |c A.B.Marbeck 
260 |a Kuala LumpurKementerian Kewangan Malaysia ,   |c 1980 
300 |a variouspaging ;   |c 33cm. 
650 0 0 |a Valuation 
999 |a KK00000119   |b BOOK   |c Course Notes   |e Default branch 
999 |a KK00000120   |b BOOK   |c Course Notes   |e Default branch 
999 |a KK00000121   |b BOOK   |c Course Notes   |e Default branch 
999 |a KK00000122   |b BOOK   |c Course Notes   |e Default branch